ليلة القدر / (رقم التسجيلة. 30478)

تفاصيل مارك
000 -الفاتح
عناصر البيانات ثابتة الطول 00602cam a2200169 i 4500
005 - تاريخ ووقت آخر معاملة
حقل ضبط 20251210110706.0
008 - عناصر البيانات ثابتة الطول
عناصر البيانات ثابتة الطول 250721s9999 iq gr 000 0 ara d
082 14 - رقم تصنيف ديوي العشري
رقم التصنيف 216.23
رقم المادة س ا م
100 1# - مدخل رئيسي – اسم شخصي
الاسم الشخصي السامرائي، يونس الشيخ إبراهيم
علاقة الشخص بالعمل/ دوره مؤلف.
245 10 - بيان العنوان
العنوان ليلة القدر /
بيان المسؤولية تاليف يونس الشيخ ابراهيم السامرائي.
264 1# - بيانات النشر، التوزيع…إلخ
مكان النشر، التوزيع...إلخ بغداد :
اسم الناشر، الموزع...إلخ مكتبة الشرق الجديد،
تاريخ النشر، التوزيع...إلخ [بين 1999و 2000].
300 ## - الوصف المادي
عدد الوحدات المكونة للوعاء 43 صفحه.
650 17 - مدخل إضافي بالموضوع - مصطلح موضوعي
مصطلح موضوعي أو اسم جغرافي كعنصر مدخل رمضان.
650 17 - مدخل إضافي بالموضوع - مصطلح موضوعي
مصطلح موضوعي أو اسم جغرافي كعنصر مدخل ليلة القدر.
942 ## - بيانات إضافية (كوها)
نوع التنصيف Dewey Decimal Classification
نوع المادة (كوها) كتب
المقتنيات
حالة السحب حالة الفقدان مصدر التصنيف حالة التلف غير قابل للإعارة المكتبة الرئيسية المكتبة الحالية موقع الرف تاريخ التزويد الرقم المتسلسل Total Checkouts رقم الإستدعاء الباركود تاريخ آخر ظهور تاريخ الفاتورة نوع المادة (كوها)
    Dewey Decimal Classification     المكتبة المركزية المكتبة المركزية الإعارة 06/07/2004 420059   216.23 / س ا م 420059 28/07/2025 06/07/2004 كتب
    Dewey Decimal Classification     مكتبة الأميرة ايمان العامة مكتبة الأميرة ايمان العامة الإعارة 28/07/2025 420060   216.23/سام 420060 28/07/2025 28/07/2025 كتب
    Dewey Decimal Classification Unchecked   مكتبة الجويدة مكتبة الجويدة الإعارة 06/07/2004 420064   216.23/سام   28/07/2025 06/07/2004 كتب
    Dewey Decimal Classification     مكتبة الحسن العامة مكتبة الحسن العامة الإعارة 06/07/2004 420065   216.23/سام 420065 28/07/2025 06/07/2004 كتب
    Dewey Decimal Classification     مكتبة حمزة العامة مكتبة حمزة العامة الإعارة 26/01/2016 420066   216.23/سام PLD00370132 28/07/2025 26/01/2016 كتب
    Dewey Decimal Classification Unchecked   مكتبة صويلح العامة مكتبة صويلح العامة الإعارة 06/07/2004 420061   216.23/سام   28/07/2025 06/07/2004 كتب
Implemented & Customized by: BBB with SCIT (Smart Chains for Information Technology)

Powered by Koha